Stand-alone and hybrid wind energy systems : (Record no. 355252)
[ view plain ]
| 000 -LEADER | |
|---|---|
| fixed length control field | 01759nam a2200241 a 4500 |
| 001 - CONTROL NUMBER | |
| control field | ASIN1439801436 |
| 003 - CONTROL NUMBER IDENTIFIER | |
| control field | Nust- CAS-E |
| 005 - DATE AND TIME OF LATEST TRANSACTION | |
| control field | 20180118181355.0 |
| 008 - FIXED-LENGTH DATA ELEMENTS--GENERAL INFORMATION | |
| fixed length control field | 140218s2010 xxu eng d |
| 020 ## - INTERNATIONAL STANDARD BOOK NUMBER | |
| International Standard Book Number | 9781439801437 |
| 040 ## - CATALOGING SOURCE | |
| Transcribing agency | 0 |
| 082 ## - DEWEY DECIMAL CLASSIFICATION NUMBER | |
| Classification number | 621.312136 |
| Author Mark | STA 2010 |
| 245 10 - TITLE STATEMENT | |
| Title | Stand-alone and hybrid wind energy systems : |
| Remainder of title | technology, energy storage and applications / |
| Statement of responsibility, etc. | J. K. Kaldellis. |
| 250 ## - EDITION STATEMENT | |
| Edition statement | 0th ed. |
| 260 ## - PUBLICATION, DISTRIBUTION, ETC. | |
| Place of publication, distribution, etc. | [S.l.] : |
| Name of publisher, distributor, etc. | CRC Press, |
| Date of publication, distribution, etc. | 2010. |
| 300 ## - PHYSICAL DESCRIPTION | |
| Extent | 420 p. ; |
| Dimensions | 24 cm. |
| 490 1# - SERIES STATEMENT | |
| Series statement | Woodhead publishing series in energy. |
| 520 ## - SUMMARY, ETC. | |
| Summary, etc. | Wind power generation is fast becoming one of the leading renewable energy sources worldwide. Reliability of power supply is one of the main issues for wind energy systems, and so improved stand-alone and hybrid wind energy systems are being developed, incorporating advanced energy storage and grid integration systems, in order to increase power generation rates and to provide secure power supply to the end user. This book provides a comprehensive reference on the development of both stand-alone and hybrid wind energy systems, as well as energy storage systems and overall systems integration with local grids. Chapters cover the design/construction, modeling/simulation, monitoring/control, and optimization of stand-alone and hybrid wind energy technologies, reviewing their current state and future development. Further to this, many of the energy storage and distribution systems covered in the book are also applicable to other renewable energy generation technologies. |
| 700 1# - ADDED ENTRY--PERSONAL NAME | |
| Personal name | Kaldellis, J. K. |
| 830 #0 - SERIES ADDED ENTRY--UNIFORM TITLE | |
| Uniform title | Woodhead publishing series in energy. |
| 856 40 - ELECTRONIC LOCATION AND ACCESS | |
| Materials specified | Amazon.com |
| Uniform Resource Identifier | <a href="http://www.amazon.com/exec/obidos/ASIN/1439801436/chopaconline-20">http://www.amazon.com/exec/obidos/ASIN/1439801436/chopaconline-20</a> |
| 942 ## - ADDED ENTRY ELEMENTS (KOHA) | |
| Source of classification or shelving scheme | |
| Koha item type | Book |
| Withdrawn status | Lost status | Source of classification or shelving scheme | Damaged status | Not for loan | Permanent Location | Current Location | Shelving location | Date acquired | Source of acquisition | Total Checkouts | Full call number | Barcode | Date last seen | Copy number | Cost, replacement price | Price effective from | Koha item type |
|---|---|---|---|---|---|---|---|---|---|---|---|---|---|---|---|---|---|
| US-Pakistan Center for Advanced Studies in Energy (USPCAS-E) | US-Pakistan Center for Advanced Studies in Energy (USPCAS-E) | General Stacks | 04/12/2013 | Victoria co | 621.312136 STA 2010 | CAS-E0000118 | 02/18/2014 | 01 | 54842.00 | 02/18/2014 | Book | ||||||
| US-Pakistan Center for Advanced Studies in Energy (USPCAS-E) | US-Pakistan Center for Advanced Studies in Energy (USPCAS-E) | General Stacks | 04/12/2013 | Victoria co | 621.312136 STA 2010 | CAS-E0000119 | 02/18/2014 | 02 | 54842.00 | 02/18/2014 | Book |
